000 00698nam a2200217 i 4500
003 IT-RoINE
005 20221201142551.0
008 990903s1999 sp | r ||| ||cat d
020 _a848851333X
040 _aSpMaBN
_bspa
_cSpMaBN IT-RoINE
_erdc
_dIT-RoINE
100 1 _aArnau-García, Ramón,
_d1925-2008
_93024
245 1 0 _aRecull d'humanisme cristià /
_cRamón Arnau-García.
260 _aValència :
_bSaó,
_c1999.
300 _a148 p. ;
_c22 cm.
336 _2rdacontent
_atext
337 _2rdamedia
_aunmediated
338 _2rdacarrier
_avolume
504 _aIncluye referencias bibliograficas en notas.
650 4 _923290
_aHumanismo
_xAspecto religioso
_xCristianismo
942 _cMTS
999 _c13880
_d13880